[Event "Foment Martinenc op-C 23rd"]
[Site "Barcelona"]
[Date "2023.06.10"]
[Round "8"]
[White "Silva Cerda, Arnau Alonso"]
[Black "Homs Alsina, Tomas"]
[Result "1-0"]
[WhiteElo "1162"]
[BlackElo "1001"]
[PlyCount "75"]
[EventDate "2023.04.22"]
[EventType "swiss"]
[EventRounds "9"]
[EventCountry "ESP"]
[SourceTitle "EXT 2024"]
[Source "ChessBase"]
[SourceDate "2023.10.10"]
[SourceVersion "1"]
[SourceVersionDate "2023.10.10"]
[SourceQuality "1"]

1. d4 d5 2. c4 Nf6 3. cxd5 Nxd5 4. e4 Nb6 5. Nf3 e5 6. Nxe5 Bd6 7. Nf3 0-0 8. Bd3 h6 9. Nbd2 Bg4 10. Nc4 N8d7 11. Nxd6 cxd6 12. Bf4 d5 13. exd5 Nxd5 14. 0-0 Nxf4 15. Be4 Rb8 16. h3 Bh5 17. Rc1 Nf6 18. Bb1 N6d5 19. Qc2 Bg6 20. Qd2 b5 21. Bxg6 fxg6 22. Qc2 a5 23. Ne5 Rf6 24. Nc6 Rxc6 25. Qxc6 Rc8 26. Qxc8 Ne2+ 27. Kh1 Nxc1 28. Qxd8+ Kh7 29. Rxc1 Nf4 30. Rc8 g5 31. g3 Nd3 32. Qe8 Nxf2+ 33. Kg2 Nd3 34. h4 g4 35. h5 Ne1+ 36. Qxe1 a4 37. Qe8 g6 38. Qe7# 1-0

[Event "Foment Martinenc op-C 23rd"]
[Site "Barcelona"]
[Date "2023.04.29"]
[Round "2"]
[White "Silva Cerda, Arnau Alonso"]
[Black "Berbel Gutierrez, Jose Guillermo"]
[Result "0-1"]
[WhiteElo "1162"]
[BlackElo "1466"]
[PlyCount "74"]
[EventDate "2023.04.22"]
[EventType "swiss"]
[EventRounds "9"]
[EventCountry "ESP"]
[SourceTitle "EXT 2024"]
[Source "ChessBase"]
[SourceDate "2023.10.10"]
[SourceVersion "1"]
[SourceVersionDate "2023.10.10"]
[SourceQuality "1"]

1. d4 e6 2. c4 f5 3. Nc3 Bb4 4. Nf3 Bxc3+ 5. bxc3 Nf6 6. Bg5 b6 7. e3 Bb7 8. Bd3 0-0 9. 0-0 d6 10. Qb3 Qe8 11. c5 Bxf3 12. gxf3 Qg6 13. Qxe6+ Kh8 14. Qxf5 Qxf5 15. Bxf5 Nbd7 16. cxb6 axb6 17. e4 Ra3 18. f4 g6 19. Bxd7 Nxd7 20. c4 Kg7 21. Kg2 h6 22. Be7 Re8 23. Bh4 Ra4 24. Rfe1 Rxc4 25. Rad1 Nf6 26. Bxf6+ Kxf6 27. Kg3 Ra8 28. Rd2 Ra3+ 29. Kg4 Rcc3 30. e5+ Ke6 31. d5+ Kf7 32. e6+ Ke7 33. f5 Ra4+ 34. f4 g5 35. f6+ Kxf6 36. e7 Rxf4+ 37. Kh5 Rh3# 0-1